Auf die Freundschaft windet Kränze : Wiener Stammbuchblatter aus 5 Jahrhunderten : 209. Wechselausstellung der Wiener Stadt- und Landesbibliothek : März 1987 - Juni 1987 /

Další autoři: Patzer, Franz, Böhm, Hermann, 1948-
Jazyk: Němčina
Vydáno: Wien : Wiener Stadt- und Landesbibliothek, 1987
Edice: Wien-Kultur
Fyzický popis: 47 stran
Knihy
Uloženo v:
LEADER 01044nam a22002772i 4500
001 001537727
003 CZ BrMZK
005 20170111144928.0
007 ta
008 160729s1987 au er|||||||||||ger d
040 |a BOA001  |b cze  |e rda 
080 9 |a 830-98(064) 
245 0 0 |a Auf die Freundschaft windet Kränze :  |b Wiener Stammbuchblatter aus 5 Jahrhunderten : 209. Wechselausstellung der Wiener Stadt- und Landesbibliothek : März 1987 - Juni 1987 /  |c Herausgeber Franz Patzer ; Gestaltung und Text: Hermann Böhm 
264 1 |a Wien :  |b Wiener Stadt- und Landesbibliothek,  |c 1987 
300 |a 47 stran 
336 |a text  |b txt  |2 rdacontent 
337 |a bez média  |b n  |2 rdamedia 
338 |a svazek  |b nc  |2 rdacarrier 
490 1 |a Wien-Kultur 
700 1 |a Patzer, Franz  |7 jx20071126052  |4 edt 
700 1 |a Böhm, Hermann,  |d 1948-  |7 mzk2007377369  |4 edt  |4 wfw 
830 0 |a Wien-Kultur 
910 |a BOA001  |b X-0915.858 
990 |a BK 
991 |b 201605 
996 7 |b 2619168481  |c X-0915.858  |l MZK  |r Sklad / do 24 hodin  |n 0  |w 001572695  |u 000010  |a 1  |e BOA001  |j MZK50  |s A